Welcome to the Holygrace Academy Library

Please use search bar below to get started

CHINNAMUNDI (Record no. 9046)

MARC details
000 -LEADER
fixed length control field 00312nam a22001337a 4500
082 ## - DEWEY DECIMAL CLASSIFICATION NUMBER
Classification number 894.812.3
Item number MAN/C
100 ## - MAIN ENTRY--AUTHOR NAME
Personal name MANGATTU AMBHIKASUDHAN
245 ## - TITLE STATEMENT
Title CHINNAMUNDI
246 ## - VARYING FORM OF TITLE
Title proper/short title CHINNAMUNDI
Remainder of title CHINNAMUNDI
260 ## - PUBLICATION, DISTRIBUTION, ETC. (IMPRINT)
Place of publication KOZHIKODU
Name of publisher MATHRUBHUMI
Year of publication 2022
300 ## - PHYSICAL DESCRIPTION
Number of Pages 119
650 ## - SUBJECT ADDED ENTRY--TOPICAL TERM
Topical Term MALAYALAM STORIES
942 ## - ADDED ENTRY ELEMENTS (KOHA)
Koha item type Books
Holdings
Withdrawn status Lost status Collection code Home library Current library Shelving location Date acquired Source of acquisition Cost, normal purchase price Full call number Accession Number Koha item type
    Fiction Main Library Main Library NEW SHELF WITH NEW ENTRY 06/05/2024 PURCHASED 180.00 894.812.3 MAN/C 13616 Books